| 000 | 00748nas a2200253 4500 | ||
|---|---|---|---|
| 001 | BR9212960 | ||
| 003 | BR-BrBNA | ||
| 005 | 20231205095203.0 | ||
| 007 | ta | ||
| 008 | 230509b bl.|||p| |||| 00| 00por d | ||
| 040 |
_aBR-BrBNA _bpor _cBiblioteca Nacional de Agricultura |
||
| 041 | _a(Pt) | ||
| 072 | _aN20 | ||
| 100 | 1 | _aTeisano, T. | |
| 245 | 1 | _aMaquinas para trabalhar madeira: desde a serra com so um dente ate as linhas automaticas | |
| 650 | _aMaquina | ||
| 650 | _aEquipamento Florestal | ||
| 650 | _aSerra | ||
| 650 | _aMadeira | ||
| 650 | _aAutomacao | ||
| 773 | 0 |
_tRevista da Madeira (Brazil) _xISSN 0034-7582 _g(Jul 1983), v. 32(379) p. 22-26 _wBR9212960 |
|
| 909 |
_a202311 _bLúcia _c55 _dLúcia Elande |
||
| 942 |
_2AGRIS _n0 _cANA |
||
| 999 |
_c149166 _d149166 |
||